Salzburg City Trivia - Statistics

General Stats
  • This quiz has been taken 119 times
  • The average score is 10 of 18
Answer Stats
Hint Answer % Correct
Famous composer born 1756 in Salzburg Wolfgang Amadeus Mozart
95%
Name any Austrian city that is larger than Salzburg Vienna | Graz | Linz
93%
Which country does the city border? Germany
92%
Mountain range in which the city is located Alps
85%
Which country occupied the city after the Second World War? United States
77%
Movie about a nun who falls in love with Baron von Trapp. The Sound of Music
74%
The Austrian state in which it lies Salzburg
70%
What the name "Salzburg" translates to Salt Fortress
64%
The old town is listed as a _____ ______ site. World Heritage
58%
The river on which it lies Salzach
54%
The fortress of Salzburg {Hohen}salzburg
50%
Festival where the play Jedermann is performed Salzburger {Festspiele}
45%
Palace with famous gardens Mirabell Palace
43%
Oldest street; #3 was born in a house on this street. {Getreide}gasse
39%
Architectural style of most buildings in Salzburg Baroque
36%
Name of the city during Roman rulership Iuvavum
11%
Which Catholic diocese has it's seat in Salzburg? {Archdiocese} of Salzburg
7%
Name of the oldest nunnery in the Germanosphere Nonnberg Abbey
5%
No matching quizzes found
Score Distribution
Percent of People with Each Score
Percentile by Number Answered
Your Score History
You have not taken this quiz